[Event "Sao Paulo STD Gansl op"]
[Site "Sao Paulo"]
[Date "2019.05.26"]
[Round "6"]
[White "Itagyba, Renan Fortes"]
[Black "Sato, Luiz Henrique Yuzo"]
[Result "1-0"]
[WhiteElo "1729"]
[BlackElo "1403"]
[PlyCount "51"]
[EventDate "2019.05.24"]
[EventType "swiss"]
[EventRounds "6"]
[EventCountry "BRA"]
[SourceTitle "CBM 190 Extra"]
[Source "ChessBase"]
[SourceDate "2019.07.15"]
[SourceVersion "1"]
[SourceVersionDate "2019.07.15"]
[SourceQuality "1"]

1. e4 e5 2. Nf3 Nf6 3. Nxe5 d6 4. Nf3 Nxe4 5. Nc3 Nf6 6. d4 d5 7. Bd3 Be7 8. Bf4 a6 9. Qd2 Nc6 10. h3 h6 11. a3 Be6 12. Ne2 Bd6 13. 0-0 0-0 14. c3 Re8 15. Ng3 Qd7 16. Ne5 Bxe5 17. dxe5 Nh7 18. Rfe1 Nf8 19. Bxh6 gxh6 20. Qxh6 f5 21. exf6 Nh7 22. f7+ Qxf7 23. Bxh7+ Qxh7 24. Rxe6 Qf7 25. Rae1 Rf8 26. Rg6+ 1-0

[Event "Florianopolis op 5th"]
[Site "Florianopolis"]
[Date "2019.01.27"]
[Round "10"]
[White "Sato, Luiz Henrique Yuzo"]
[Black "Rahn, Marlon Cristiano"]
[Result "1-0"]
[WhiteElo "1425"]
[BlackElo "1057"]
[PlyCount "65"]
[EventDate "2019.01.21"]
[EventType "swiss"]
[EventRounds "10"]
[EventCountry "BRA"]
[SourceTitle "EXT 2020"]
[Source "ChessBase"]
[SourceDate "2019.10.17"]
[SourceVersion "1"]
[SourceVersionDate "2019.10.17"]
[SourceQuality "1"]

1. d4 Nf6 2. Nf3 g6 3. Bf4 Bg7 4. e3 0-0 5. h3 d6 6. Be2 Bd7 7. 0-0 Qc8 8. Re1 d5 9. Nbd2 Nc6 10. c3 Re8 11. c4 dxc4 12. Nxc4 a6 13. Rc1 b5 14. Nce5 Nxe5 15. Nxe5 Bxh3 16. gxh3 Qxh3 17. Bf1 Qe6 18. Bg2 Ra7 19. Nc6 Raa8 20. Nxe7+ Qxe7 21. Bxa8 Rxa8 22. Rxc7 Qe6 23. Qf3 Re8 24. Be5 Qd5 25. Qxd5 Nxd5 26. Rc5 Bxe5 27. dxe5 Rxe5 28. Rd1 Rg5+ 29. Kh2 Rh5+ 30. Kg3 Rg5+ 31. Kf3 Rf5+ 32. Ke4 Nc3+ 33. Rxc3 1-0

[Event "Sao Paulo Salles Cup 11th"]
[Site "Sao Paulo"]
[Date "2017.03.25"]
[Round "3"]
[White "Van Riemsdijk, Marius Rombout"]
[Black "Sato, Luiz Henrique Yuzo"]
[Result "1-0"]
[WhiteElo "1767"]
[BlackElo "1503"]
[PlyCount "69"]
[EventDate "2017.03.24"]
[EventType "swiss (blitz)"]
[EventRounds "6"]
[EventCountry "BRA"]
[SourceTitle "CBM 177 Extra"]
[Source "ChessBase"]
[SourceDate "2017.04.27"]
[SourceVersion "1"]
[SourceVersionDate "2017.04.27"]
[SourceQuality "1"]

1. e4 e5 2. Nf3 Nf6 3. Bc4 Bc5 4. 0-0 d6 5. d4 exd4 6. Nxd4 Bxd4 7. Qxd4 Nc6 8. Qc3 0-0 9. Bg5 Ne5 10. Bb3 h6 11. f4 hxg5 12. fxe5 dxe5 13. Qxe5 Re8 14. Qxg5 Qd4+ 15. Kh1 Rxe4 16. Nc3 Rg4 17. Qb5 Rh4 18. Rad1 Qe3 19. Rd8+ Kh7 20. Rf3 Qh6 21. Qd3+ g6 22. h3 Bf5 23. Rxf5 Rxd8 24. Qxd8 gxf5 25. Qxc7 Qc1+ 26. Kh2 Ng4+ 27. Kg3 Qe1+ 28. Kf4 Qf2+ 29. Kg5 Nh6 30. Bxf7 Kh8 31. Bg6 Ng8 32. Qe5+ Nf6 33. Qxf6+ Kg8 34. Qf7+ Kh8 35. Qf8# 1-0

[Event "Florianopolis op 3rd"]
[Site "Florianopolis"]
[Date "2017.01.23"]
[Round "5"]
[White "Sato, Luiz Henrique Yuzo"]
[Black "Noseda, Francesco"]
[Result "0-1"]
[WhiteElo "1542"]
[BlackElo "1959"]
[PlyCount "78"]
[EventDate "2017.01.20"]
[EventType "swiss"]
[EventRounds "10"]
[EventCountry "BRA"]
[SourceTitle "CBM 176 Extra"]
[Source "ChessBase"]
[SourceDate "2017.03.02"]
[SourceVersion "1"]
[SourceVersionDate "2017.03.02"]
[SourceQuality "1"]

1. d4 Nf6 2. Nf3 d5 3. Bf4 c5 4. e3 Nc6 5. c3 Qb6 6. Qb3 c4 7. Qc2 Bf5 8. Qxf5 Qxb2 9. Be2 e6 10. Qh3 Qxa1 11. 0-0 Qxa2 12. Nbd2 Qc2 13. Rb1 Ne4 14. Rd1 Nxc3 15. Re1 Nxe2+ 16. Rxe2 c3 17. e4 cxd2 18. Nxd2 Qd1+ 19. Nf1 Qxe2 20. Ng3 Qe1+ 21. Nf1 Qxe4 22. Be3 Nxd4 23. Nd2 Qd3 24. Qh4 Nf5 25. Qa4+ b5 26. Qf4 Bd6 27. Qf3 Nxe3 28. Qxe3 Qxe3 29. fxe3 a5 30. Kf2 a4 31. Ke2 a3 32. Kd1 a2 33. Nb3 a1Q+ 34. Nxa1 Rxa1+ 35. Kc2 Kd7 36. Kb3 Rha8 37. Kb2 R1a2+ 38. Kb1 Rxg2 39. Kc1 Ra1# 0-1

[Event "Brasilia Terraviva op"]
[Site "Brasilia"]
[Date "2017.01.06"]
[Round "2"]
[White "Pereira, Marcos Luciano Mart"]
[Black "Sato, Luiz Henrique Yuzo"]
[Result "1-0"]
[WhiteElo "1740"]
[BlackElo "1542"]
[PlyCount "80"]
[EventDate "2017.01.06"]
[EventType "swiss"]
[EventRounds "6"]
[EventCountry "BRA"]
[SourceTitle "CBM 176 Extra"]
[Source "ChessBase"]
[SourceDate "2017.03.02"]
[SourceVersion "1"]
[SourceVersionDate "2017.03.02"]
[SourceQuality "1"]

1. d4 d5 2. e3 Nc6 3. c3 Bf5 4. Nf3 Nf6 5. Nbd2 e6 6. Nh4 Bg6 7. Nxg6 hxg6 8. Bd3 Bd6 9. e4 e5 10. exd5 Nxd5 11. Bc4 Nb6 12. d5 Ne7 13. Bb5+ c6 14. dxc6 Nxc6 15. Ne4 Bc7 16. Bxc6+ bxc6 17. Be3 Nc4 18. Qe2 Nxe3 19. Qxe3 Rb8 20. b3 f5 21. Nd2 e4 22. 0-0-0 Qe7 23. Nc4 g5 24. Kb1 Qf6 25. Qd4 Qxd4 26. Rxd4 Bd8 27. Nd6+ Ke7 28. Nxf5+ Kf6 29. g4 Bc7 30. h4 gxh4 31. Rxh4 Rxh4 32. Nxh4 Rh8 33. Nf5 Rh1+ 34. Kb2 Bf4 35. Rxe4 Bg5 36. f4 Rh2+ 37. Ka3 Bh4 38. Nxh4 Rxh4 39. f5 Kg5 40. Re7 Kxg4 1-0

[Event "Sao Paulo Schutt Cup 10th"]
[Site "Sao Paulo"]
[Date "2016.10.30"]
[Round "5"]
[White "Borger, Daniel"]
[Black "Sato, Luiz Henrique Yuzo"]
[Result "1-0"]
[WhiteElo "1652"]
[BlackElo "1405"]
[PlyCount "85"]
[EventDate "2016.10.28"]
[EventType "swiss"]
[EventRounds "6"]
[EventCountry "BRA"]
[SourceTitle "CBM 175 Extra"]
[Source "ChessBase"]
[SourceDate "2016.12.12"]
[SourceVersion "1"]
[SourceVersionDate "2016.12.12"]
[SourceQuality "1"]

1. e4 e5 2. Nf3 Nf6 3. Nxe5 d6 4. Nf3 Nxe4 5. d4 d5 6. Bd3 Be7 7. 0-0 Nc6 8. Re1 Bg4 9. c3 f5 10. Qb3 Na5 11. Qa4+ c6 12. Ne5 Bh5 13. b4 b5 14. Qxa5 Qd6 15. f3 Ng5 16. Bxg5 Bxg5 17. Nc4+ Qe7 18. Nd6+ Kd7 19. Rxe7+ Kxe7 20. Nxf5+ Kf6 21. Qc7 Rhe8 22. Qxc6+ Kf7 23. Nd6+ Kf8 24. Nxe8 Rxe8 25. Qd6+ Re7 26. f4 Bh4 27. g3 Bf6 28. Nd2 Kg8 29. Qxd5+ Bf7 30. Qxb5 Re6 31. Bc4 g6 32. Kf2 Re7 33. Re1 Kg7 34. Rxe7 Bxe7 35. Bxf7 Kxf7 36. Ne4 Ke6 37. d5+ Kf7 38. d6 Bd8 39. Qd7+ Kg8 40. Qxd8+ Kg7 41. Qe7+ Kh6 42. Qf8+ Kh5 43. Nf6# 1-0

[Event "Sao Paulo Schutt Cup 10th"]
[Site "Sao Paulo"]
[Date "2016.10.30"]
[Round "6"]
[White "Sato, Luiz Henrique Yuzo"]
[Black "Nunes, Adilson"]
[Result "1-0"]
[WhiteElo "1405"]
[BlackElo "1692"]
[PlyCount "73"]
[EventDate "2016.10.28"]
[EventType "swiss"]
[EventRounds "6"]
[EventCountry "BRA"]
[SourceTitle "CBM 175 Extra"]
[Source "ChessBase"]
[SourceDate "2016.12.12"]
[SourceVersion "1"]
[SourceVersionDate "2016.12.12"]
[SourceQuality "1"]

1. d4 d5 2. Nf3 Nf6 3. Bf4 e6 4. e3 Bd6 5. Bg3 0-0 6. Bd3 b6 7. Nbd2 Bb7 8. c3 h6 9. Ne5 a6 10. Qe2 Nbd7 11. e4 dxe4 12. Nxe4 Rc8 13. Nxd7 Nxd7 14. Nxd6 cxd6 15. Bxd6 Qg5 16. Bxf8 Rxf8 17. Be4 Bxe4 18. Qxe4 Nf6 19. Qf3 e5 20. dxe5 Re8 21. 0-0 Rxe5 22. Rfe1 Rf5 23. Qd3 Ng4 24. Re2 Ne5 25. Qc2 Nf3+ 26. Kh1 Qh5 27. h3 g6 28. c4 Kh7 29. Re3 Nd4 30. Qd2 Qh4 31. Rd1 Rf4 32. Kg1 Qg5 33. Rg3 Qc5 34. Rd3 Ne6 35. b3 a5 36. Rd6 h5 37. Rxe6 1-0

[Event "Pan American-ch U12 27th"]
[Site "Montevideo"]
[Date "2016.07.31"]
[Round "9"]
[White "Pastor Aragon, Mateo"]
[Black "Sato, Luiz Henrique Yuzo"]
[Result "1-0"]
[WhiteElo "1473"]
[BlackElo "1415"]
[PlyCount "131"]
[EventDate "2016.07.25"]
[EventType "swiss"]
[EventRounds "9"]
[EventCountry "URU"]
[SourceTitle "EXT 2017"]
[Source "ChessBase"]
[SourceDate "2016.10.25"]
[SourceVersion "1"]
[SourceVersionDate "2016.10.25"]
[SourceQuality "1"]

1. e4 e5 2. Nf3 Nf6 3. Nxe5 d6 4. Nf3 Nxe4 5. Nc3 Nxc3 6. dxc3 Be7 7. Be3 Nc6 8. Qd2 Be6 9. Bd3 a6 10. Nd4 Nxd4 11. Bxd4 Bf6 12. 0-0-0 c5 13. Be3 Bxa2 14. Be4 Be6 15. Qxd6 Qxd6 16. Rxd6 Be7 17. Bxb7 Rb8 18. Bc6+ Kf8 19. Rdd1 f6 20. Rhe1 Kf7 21. Bd5 Bxd5 22. Rxd5 Rhc8 23. Bf4 Rb6 24. Rd7 Re6 25. Rxe6 Kxe6 26. Rc7 Rxc7 27. Bxc7 Bd6 28. Bxd6 Kxd6 29. Kd2 Kd5 30. Kd3 c4+ 31. Ke3 g5 32. b4 f5 33. g3 g4 34. Kf4 Ke6 35. f3 h5 36. Ke3 Ke5 37. Ke2 Kd5 38. Kf2 Ke5 39. Ke3 Kd5 40. f4 Kc6 41. Kd4 Kb5 42. Kd5 Kb6 43. Kxc4 Kc6 44. Kd4 Kb5 45. Ke5 Kc4 46. Kxf5 Kxc3 47. Kg6 Kxb4 48. f5 a5 49. f6 a4 50. f7 a3 51. f8Q+ Ka4 52. Qf1 a2 53. Qa1 Ka3 54. Qc3+ Ka4 55. Qb3+ Ka5 56. Qxa2+ Kb4 57. Qd5 Kc3 58. Kf5 Kxc2 59. Ke4 Kc3 60. Qd3+ Kb4 61. Qc2 Kb5 62. Kd5 Kb6 63. Qc6+ Ka5 64. Qb7 Ka4 65. Kc4 Ka3 66. Qb3# 1-0

[Event "Pan American-ch U12 27th"]
[Site "Montevideo"]
[Date "2016.07.28"]
[Round "6"]
[White "Curo Supo, Oscar Andre"]
[Black "Sato, Luiz Henrique Yuzo"]
[Result "1/2-1/2"]
[WhiteElo "1379"]
[BlackElo "1415"]
[PlyCount "115"]
[EventDate "2016.07.25"]
[EventType "swiss"]
[EventRounds "9"]
[EventCountry "URU"]
[SourceTitle "EXT 2017"]
[Source "ChessBase"]
[SourceDate "2016.10.25"]
[SourceVersion "1"]
[SourceVersionDate "2016.10.25"]
[SourceQuality "1"]

1. e4 e5 2. Nf3 Nf6 3. Nxe5 d6 4. Nf3 Nxe4 5. d3 Nf6 6. d4 d5 7. Be2 Be7 8. 0-0 Bf5 9. Bf4 Nc6 10. c3 0-0 11. Bd3 Bg6 12. Bxg6 hxg6 13. Nbd2 Re8 14. Re1 Qd7 15. Ne5 Nxe5 16. Bxe5 Ng4 17. Bg3 Bd6 18. Bxd6 Rxe1+ 19. Qxe1 Qxd6 20. Nf3 Kf8 21. Qd2 Re8 22. Re1 Rxe1+ 23. Qxe1 Qe7 24. Kf1 Qd6 25. Kg1 Qa6 26. h3 Nf6 27. a3 Qb5 28. Qc1 Ne4 29. Nd2 Nxd2 30. Qxd2 Qb3 31. f4 f5 32. g4 Kf7 33. gxf5 gxf5 34. h4 g6 35. Kg2 Kf6 36. Kg3 a5 37. Qe2 Qc4 38. Qxc4 dxc4 39. Kf3 Ke6 40. Ke3 Kd5 41. a4 Kc6 42. Kd2 b5 43. axb5+ Kxb5 44. Kc1 Ka4 45. Kc2 c6 46. b3+ cxb3+ 47. Kb2 Kb5 48. Kxb3 a4+ 49. Ka2 Kc4 50. Ka3 Kxc3 51. Kxa4 Kxd4 52. Kb4 c5+ 53. Kb3 Kd3 54. Kb2 c4 55. Ka2 c3 56. Kb1 c2+ 57. Kc1 Kc3 58. h5 1/2-1/2

[Event "Pan American-ch U12 27th"]
[Site "Montevideo"]
[Date "2016.07.28"]
[Round "5"]
[White "Sato, Luiz Henrique Yuzo"]
[Black "Thomas, David1"]
[Result "0-1"]
[WhiteElo "1415"]
[BlackElo "1531"]
[PlyCount "106"]
[EventDate "2016.07.25"]
[EventType "swiss"]
[EventRounds "9"]
[EventCountry "URU"]
[SourceTitle "EXT 2017"]
[Source "ChessBase"]
[SourceDate "2016.10.25"]
[SourceVersion "1"]
[SourceVersionDate "2016.10.25"]
[SourceQuality "1"]

1. d4 d5 2. Nf3 e6 3. Bf4 f5 4. e3 Nf6 5. Bd3 Be7 6. Nbd2 Nbd7 7. 0-0 0-0 8. Ne5 Ne4 9. f3 Nxd2 10. Qxd2 c6 11. c3 Qe8 12. e4 fxe4 13. fxe4 Nf6 14. exd5 exd5 15. Rae1 Nd7 16. Nxd7 Qxd7 17. Qe2 Bf6 18. Rf3 Qf7 19. Rh3 Bxh3 20. gxh3 Bxd4+ 21. cxd4 Qxf4 22. Qe3 Qxe3+ 23. Rxe3 Rae8 24. Rxe8 Rxe8 25. Kf2 Rf8+ 26. Kg3 Re8 27. Kf2 g6 28. a3 Kf7 29. b4 Ke7 30. a4 Kd7 31. b5 Kc7 32. h4 Kb6 33. h3 Ka5 34. bxc6 bxc6 35. Bc2 Kb4 36. h5 gxh5 37. Bxh7 Kxa4 38. Bg6 Rf8+ 39. Ke2 Rh8 40. Kd3 Rg8 41. Bxh5 Rg3+ 42. Kc2 Rxh3 43. Be8 Kb5 44. Bd7 Rf3 45. Kd2 a5 46. Bg4 Rg3 47. Be2+ Kb4 48. Kc1 Rg1+ 49. Bd1 Kc3 50. Kb1 Rxd1+ 51. Ka2 Rxd4 52. Ka3 Kc2 53. Ka2 Ra4# 0-1

[Event "Pan American-ch U12 27th"]
[Site "Montevideo"]
[Date "2016.07.27"]
[Round "4"]
[White "Vazquez, Facundo"]
[Black "Sato, Luiz Henrique Yuzo"]
[Result "1/2-1/2"]
[WhiteElo "1645"]
[BlackElo "1415"]
[PlyCount "64"]
[EventDate "2016.07.25"]
[EventType "swiss"]
[EventRounds "9"]
[EventCountry "URU"]
[SourceTitle "EXT 2017"]
[Source "ChessBase"]
[SourceDate "2016.10.25"]
[SourceVersion "1"]
[SourceVersionDate "2016.10.25"]
[SourceQuality "1"]

1. d4 Nf6 2. c4 e6 3. Nc3 Bb4 4. Nf3 b6 5. Bg5 Bb7 6. a3 Bxc3+ 7. bxc3 0-0 8. e3 d6 9. Be2 Nbd7 10. 0-0 h6 11. Bxf6 Nxf6 12. Bd3 Re8 13. Re1 e5 14. dxe5 dxe5 15. e4 Qd7 16. Bc2 Qe6 17. Qe2 Red8 18. Rab1 Rd6 19. Bb3 c5 20. Nd2 Rad8 21. Rbd1 Qd7 22. Nf3 Nxe4 23. Rxd6 Qxd6 24. Qe3 f6 25. Rd1 Qe7 26. Rxd8+ Qxd8 27. Bc2 Ng5 28. Nxg5 hxg5 29. Qd3 Qxd3 30. Bxd3 Kf7 31. f3 Ke6 32. Kf2 f5 1/2-1/2